<?xml version="1.0" encoding="UTF-8"?>
<record
    xmlns:xsi="http://www.w3.org/2001/XMLSchema-instance"
    xsi:schemaLocation="http://www.loc.gov/MARC21/slim http://www.loc.gov/standards/marcxml/schema/MARC21slim.xsd"
    xmlns="http://www.loc.gov/MARC21/slim">

  <leader>00790nam a22001937a 4500</leader>
  <controlfield tag="003">LK-CoDNM</controlfield>
  <controlfield tag="005">20241029122652.0</controlfield>
  <controlfield tag="008">241025b        |||||||| |||| 00| 0 eng d</controlfield>
  <datafield tag="040" ind1=" " ind2=" ">
    <subfield code="a">LK-CoDNM</subfield>
    <subfield code="d">LK-CoDNM</subfield>
    <subfield code="e">LK-CoDNM</subfield>
  </datafield>
  <datafield tag="041" ind1=" " ind2=" ">
    <subfield code="a">sin</subfield>
  </datafield>
  <datafield tag="080" ind1=" " ind2=" ">
    <subfield code="a">&#xDB4;&#xDCA;&#x200D;&#xDBB;.&#xDBD;</subfield>
    <subfield code="b">4.8</subfield>
  </datafield>
  <datafield tag="245" ind1=" " ind2=" ">
    <subfield code="a">&#xDBD;&#xD9A;&#xDCA;&#xDB8;&#xDD2;&#xDAB;&#xDD2; &#xDB4;&#xDC4;&#xDAB;</subfield>
    <subfield code="b">32   - &#xD9A;&#xDCF;&#xDAB;&#xDCA;&#xDA9;&#xDBA; </subfield>
    <subfield code="c">2  -  &#xDB4;&#xDAD;&#xDCA;&#x200D;&#xDBB;&#xDBA;   1913   &#xD9A;&#xDCA;&#xDC0;&#xDD4;  &#xDB4;&#xDD9;&#xDB6;&#xDBB;&#xDC0;&#xDCF;&#xDBB;&#xDD2;  &#xDB8;&#xDC3; 1  &#xDC0;&#xDD9;&#xDB1;&#xDD2;  &#xDC3;&#xDD9;&#xDB1;&#xDC3;&#xDD4;&#xDBB;&#xDCF;&#xDAF;&#xDCF; </subfield>
  </datafield>
  <datafield tag="300" ind1=" " ind2=" ">
    <subfield code="a">3P.  ;   44 CM </subfield>
  </datafield>
  <datafield tag="650" ind1=" " ind2=" ">
    <subfield code="a">&#xDB4;&#xDCA;&#x200D;&#xDBB;.&#xDBD;  4.8</subfield>
  </datafield>
  <datafield tag="650" ind1=" " ind2=" ">
    <subfield code="a">&#xDBD;&#xD9A;&#xDCA;&#xDB8;&#xDD2;&#xDAB;&#xDD2; &#xDB4;&#xDC4;&#xDAB;</subfield>
  </datafield>
  <datafield tag="650" ind1=" " ind2=" ">
    <subfield code="a">32   - &#xD9A;&#xDCF;&#xDAB;&#xDCA;&#xDA9;&#xDBA; </subfield>
  </datafield>
  <datafield tag="650" ind1=" " ind2=" ">
    <subfield code="a">2  -  &#xDB4;&#xDAD;&#xDCA;&#x200D;&#xDBB;&#xDBA;   1913   &#xD9A;&#xDCA;&#xDC0;&#xDD4;  &#xDB4;&#xDD9;&#xDB6;&#xDBB;&#xDC0;&#xDCF;&#xDBB;&#xDD2;  &#xDB8;&#xDC3; 1  &#xDC0;&#xDD9;&#xDB1;&#xDD2;  &#xDC3;&#xDD9;&#xDB1;&#xDC3;&#xDD4;&#xDBB;&#xDCF;&#xDAF;&#xDCF; </subfield>
  </datafield>
  <datafield tag="942" ind1=" " ind2=" ">
    <subfield code="c">BK</subfield>
  </datafield>
  <datafield tag="952" ind1=" " ind2=" ">
    <subfield code="0">0</subfield>
    <subfield code="1">0</subfield>
    <subfield code="4">1</subfield>
    <subfield code="7">0</subfield>
    <subfield code="8">OBC</subfield>
    <subfield code="a">MAIN</subfield>
    <subfield code="b">MAIN</subfield>
    <subfield code="c">REF</subfield>
    <subfield code="d">2024-10-29</subfield>
    <subfield code="l">0</subfield>
    <subfield code="o">&#xDB4;&#xDCA;&#x200D;&#xDBB;.&#xDBD; 4.8</subfield>
    <subfield code="p">OJP4575-50</subfield>
    <subfield code="r">2024-10-29</subfield>
    <subfield code="w">2024-10-29</subfield>
    <subfield code="y">BK</subfield>
  </datafield>
  <datafield tag="999" ind1=" " ind2=" ">
    <subfield code="c">224449</subfield>
    <subfield code="d">224449</subfield>
  </datafield>
</record>
